00628nam a2200217Ia 450000500170000000800410001702000120005804000190007004100120008908200130010124500480011426000390016230000120020144000300021350400400024363000440028365000160032765100270034370000300037085000100040020230602142513.0131103s9999 xx 000 0 und d cRs. 200 aLoreto College aEnglish a809bBAN aThematologycedited by Sibaji Bandyopadhyay aKolkatabJadavpur Universityc2004 a248 p.  aLiterary studies in India aIncludes bibliographical references aLiterary studies - India - 21st century aThematology aComparative literature aBandyopadhyay, Sibaji,ed. aLCLIB